| 000 | 00991nam a2200217Ia 4500 | ||
|---|---|---|---|
| 001 | 10483 | ||
| 003 | GE_BSU | ||
| 008 | 181216s||||||||xx |||||||||||||| ||und|| | ||
| 040 | _cGE_BSU | ||
| 080 | _a821.353.1–1 | ||
| 100 | _aტაბიძე,გალაქტიონ | ||
| 245 | _aქართული პოეზია. 15 ტომად:ტ.13.გალაქტიონ ტაბიძე:ლექსები | ||
| 245 | _cსარედ.კოლ.გრიგოლ აბაშიძე.ან.კალანდაძე.მ.ლებანიძე და სხვ.ტომი შეადგინა არჩილ სულაკაურმა.მხატვ.დ.დუნდუა.რედ.აკ.ბრეგაძე | ||
| 260 | _aთბილისი | ||
| 260 | _bნაკადული | ||
| 260 | _c1982 | ||
| 300 | _a541გვ.18სმ. | ||
| 653 | _aლექსები | ||
| 653 | _aქართული პოეზია | ||
| 942 | _cBK | ||
| 999 |
_c43738 _d43738 |
||